000 00535nam a2200169Ia 4500
008 260520s2024 xx 000 0 und d
020 _a978-93-48040-27-5
041 _amar
082 _a491.468/CHI
100 _aचिने, गीतांजली
245 _aव्यक्तिमत्व विकास आणि भाषा
250 _a1st ed
260 _aजळगाव
_bप्रशांत पब्लिकेशन
_c2024
300 _a104p.
500 _aCat No: 15172
650 _aMARATHI LANGUAGE
999 _c1221898
_d1221898